| 000 | 00779nam a22002417a 4500 | ||
|---|---|---|---|
| 005 | 20260618095649.0 | ||
| 008 | 260615b |||||||| |||| 00| 0 eng d | ||
| 020 | _a9788199447011 | ||
| 040 | _cAL | ||
| 041 | _aKonkani | ||
| 082 |
_a891.462 _bIBSB |
||
| 100 |
_aHenrik Ibsen _9265717 |
||
| 100 |
_9265684 _d ಹೆನ್ರಿಕ್ ಇಬ್ಸೆನ್ |
||
| 245 |
_aBavleche Ger _bಬಾವ್ಲೆಚೆಂ ಘರ್ |
||
| 260 |
_aMangalore _bKarnataka Konkani Sahithya Academy _c2025 |
||
| 300 |
_aviii,128p. _bPB _c21.5x14 cm. |
||
| 365 |
_b₹150.00 _c₹ _d₹150.00 |
||
| 650 |
_aKonkani Drama _9265660 |
||
| 650 |
_aA Dolls House _9265683 |
||
| 700 |
_aRego, Sylvia _9265680 |
||
| 700 |
_aರೇಗೊ ಸಿಲ್ವಿಯಾ tr _9265685 |
||
| 942 |
_2ddc _cDB |
||
| 999 |
_c241505 _d241505 |
||